|
|
|
|
| LEADER |
02548nam a22005055i 4500 |
| 001 |
978-1-4419-7937-7 |
| 003 |
DE-He213 |
| 005 |
20151125193132.0 |
| 007 |
cr nn 008mamaa |
| 008 |
110218s2011 xxu| s |||| 0|eng d |
| 020 |
|
|
|a 9781441979377
|9 978-1-4419-7937-7
|
| 024 |
7 |
|
|a 10.1007/978-1-4419-7937-7
|2 doi
|
| 040 |
|
|
|d GrThAP
|
| 050 |
|
4 |
|a RS380
|
| 050 |
|
4 |
|a RS190-210
|
| 072 |
|
7 |
|a TDCW
|2 bicssc
|
| 072 |
|
7 |
|a MED072000
|2 bisacsh
|
| 082 |
0 |
4 |
|a 615.19
|2 23
|
| 245 |
1 |
0 |
|a Pharmacokinetics in Drug Development
|h [electronic resource] :
|b Advances and Applications, Volume 3 /
|c edited by Peter L. Bonate, Danny R. Howard.
|
| 264 |
|
1 |
|a Boston, MA :
|b Springer US,
|c 2011.
|
| 300 |
|
|
|a XII, 319 p. 6 illus. in color.
|b online resource.
|
| 336 |
|
|
|a text
|b txt
|2 rdacontent
|
| 337 |
|
|
|a computer
|b c
|2 rdamedia
|
| 338 |
|
|
|a online resource
|b cr
|2 rdacarrier
|
| 347 |
|
|
|a text file
|b PDF
|2 rda
|
| 505 |
0 |
|
|a Modeling Tumor Growth in Oncology -- Drug-Drug Interactions: Designing Development Programs and Appropriate Product Labeling -- Modeling the Progression of Disease -- The Use of Dried Blood Spots for Concentration Assessment in Pharmacokinetic Evaluations -- Microdosing: Pharmacokinetic and Metabolism Data Early in the Drug Development Process -- Metabolite Testing in Drug Development -- The - Omics in Drug Development -- Optimal Design of Pharmacokinetic-Pharmacodynamic Studies -- Pharmacokinetic Studies in Pregnant Women -- Design, Conduct and Analysis of Thorough QT Studies -- Contribution of Quantitative Whole-body Autoradioluminography to the Early Selection and Development of Drug Candidates -- Pharmacokinetics, Modeling, and Simulation in the Development of Sunitinib Malate: A Case Study -- The Clinical Significance of Drug Transporters in Drug Disposition and Drug Interactions.
|
| 520 |
|
|
|a No back cover text.
|
| 650 |
|
0 |
|a Medicine.
|
| 650 |
|
0 |
|a Pharmacy.
|
| 650 |
|
0 |
|a Pharmaceutical technology.
|
| 650 |
|
0 |
|a Biotechnology.
|
| 650 |
|
0 |
|a Biochemistry.
|
| 650 |
1 |
4 |
|a Biomedicine.
|
| 650 |
2 |
4 |
|a Pharmaceutical Sciences/Technology.
|
| 650 |
2 |
4 |
|a Biotechnology.
|
| 650 |
2 |
4 |
|a Pharmacy.
|
| 650 |
2 |
4 |
|a Biochemistry, general.
|
| 700 |
1 |
|
|a Bonate, Peter L.
|e editor.
|
| 700 |
1 |
|
|a Howard, Danny R.
|e editor.
|
| 710 |
2 |
|
|a SpringerLink (Online service)
|
| 773 |
0 |
|
|t Springer eBooks
|
| 776 |
0 |
8 |
|i Printed edition:
|z 9781441979360
|
| 856 |
4 |
0 |
|u http://dx.doi.org/10.1007/978-1-4419-7937-7
|z Full Text via HEAL-Link
|
| 912 |
|
|
|a ZDB-2-SBL
|
| 950 |
|
|
|a Biomedical and Life Sciences (Springer-11642)
|